000 00479cam a22001337a 4500
008 180718b1983 xxu||||| |||| 00| 0 eng d
082 _aB30x5421 R198
100 _aRawat, Ajay Singh
245 _aGarhwal Himalayas : a historical survey : political and administrative history of Garhwal 1815-1947
_cby Ajay Singh Rawat
260 _aDelhi
_bEastern Book Linkers
_c1983
300 _a235p.
650 _aGarhwal - History
650 _aPublic administration - History - India - U.P.
999 _c352574
_d352574